Rzeczowniki na literę B - Statystyki

Ogólne statystyki
  • Ten quiz został rozwiązany 108 razy
  • Średni wynik to 51 z 121
Statystyki odpowiedzi
Odpowiedź % Poprawnych
bar
94%
bal
93%
but
90%
bąk
87%
bus
87%
biel
81%
baran
74%
ból
74%
bank
72%
baza
72%
brat
72%
buk
72%
byk
72%
bajka
69%
brama
68%
bułka
66%
burak
66%
banan
65%
bóbr
65%
brzoza
65%
bluza
63%
broda
62%
broń
62%
bizon
60%
bluzka
60%
babcia
57%
balet
57%
belka
57%
bitwa
57%
bigos
56%
bagaż
53%
bieg
53%
brzeg
53%
bażant
51%
beza
51%
budyń
51%
bawół
50%
boczek
50%
brud
50%
bieda
49%
bila
49%
biurko
49%
bazar
47%
biuro
47%
blok
47%
bon
47%
borsuk
47%
butelka
47%
baton
46%
beret
46%
biwak
46%
bocian
46%
basen
44%
beczka
44%
blask
44%
brew
44%
budynek
44%
buzia
44%
bestia
43%
boks
43%
brokuł
43%
brzuch
43%
barwa
41%
blizna
41%
bójka
41%
bateria
40%
bilet
40%
biust
40%
biedronka
38%
bomba
38%
baca
37%
bagno
37%
biologia
37%
bunt
37%
brzoskwinia
35%
bukiet
35%
batat
34%
biegacz
34%
bryza
34%
brzytwa
34%
borówka
32%
beton
31%
bagietka
29%
białko
29%
bluszcz
29%
browar
29%
bagażnik
28%
banknot
26%
biblioteka
26%
bilard
26%
biszkopt
26%
biustonosz
26%
borowik
26%
barok
25%
bekon
25%
bakłażan
24%
barszcz
24%
brelok
24%
bryła
22%
bratanek
21%
baner
19%
bazylia
19%
betoniarka
19%
bulion
19%
botoks
18%
biskup
15%
bramkarz
15%
burmistrz
15%
butik
15%
biżuteria
13%
blokada
13%
badminton
12%
bursztyn
12%
bilans
10%
blat
10%
bochen
9%
biegunka
6%
brylant
6%
bezdomny
3%
budżet
3%
bruksleka
0%
Nie znaleziono quizów pasujących do podanych kryteriów
Rozkład punktacji
Procent ludzi z każdym wynikiem
Percentyl według liczby udzielonych odpowiedzi
Twoja historia wyników
Nie rozwiązałeś tego quizu